000 00344nam a22001457a 4500
003 OSt
005 20220216101636.0
008 220216b |||||||| |||| 00| 0 eng d
020 _a139780137133376
040 _cH U
082 _25th
_a629.8
100 _aOgata Katsuhiko
_930648
245 _aModern Control Engineering
942 _2ddc
_cBOOKS
_n0
999 _c30537
_d30537